| 000 | 01048na a2200277 4500 | ||
|---|---|---|---|
| 001 | 15715 | ||
| 003 | MIRAKIL | ||
| 005 | 20181213154944.0 | ||
| 008 | 160922b tu 000 0 | ||
| 020 | _a9789756037935 | ||
| 035 | _a15715 | ||
| 040 |
_aMilas _btur _cTR-AnCHP |
||
| 082 |
_a323 _bB96b 2007 |
||
| 090 | _a323 B96b 2007 | ||
| 111 |
_aBürokrasi ve İnsan Hakları _cAnkara _d2006 |
||
| 245 |
_aBürokrasi ve insan Hakları _b10 aralık 2006 _cTürkiye Barolar Birliği |
||
| 260 |
_aAnkara _bTürkiye Barolar Birliği _c2007 |
||
| 300 |
_avii, 124 s. _c24 sm. |
||
| 490 |
_aTürkiye Barolar Birliği yayınları _v121 |
||
| 500 | _aTürkiye Barolar Birliği İnsan Hakları Merkezi tarafından Dünya İnsan Hakları Günü dolayısıyla düzenlediği açık oturum | ||
| 650 |
_aBürokrasi _xİnsan hakları _yToplantılar _zTürkiye |
||
| 650 |
_aBürokrasi _xHak ve özgürlükler _yToplantılar _zTürkiye |
||
| 650 |
_aBürokrasi _xMedeni haklar _yToplantılar _zTürkiye |
||
| 710 | _aTürkiye Barolar Birliği | ||
| 942 |
_2ddc _cBKS |
||
| 999 |
_c3824 _d3824 |
||